| 000 | 00984cab a22001815a 4500 | ||
|---|---|---|---|
| 001 | L143057 | ||
| 008 | 080404s2008 xxkad f s 000 0 eng d | ||
| 035 | _a(Sirsi) u143057 | ||
| 041 | 0 | _aeng | |
| 100 | 1 | _aHaynes, Barry P. | |
| 245 | 0 | 4 | _aThe impact of office comfort on productivity |
| 260 | _c2008 | ||
| 490 | 0 |
_aJournal of Facilities Management _v6(1) 2008, 37-51(15) |
|
| 520 | _aEvaluates the effect of comfort on office occupiers' productivity. Reviews the literature which claims there is a link between physical comfort in the office and the effect on productivity of the office occupiers. Finds that evaluating office comfort is complicated. There is no agreed definition of office comfort and there is a lack of an agreed method of measurement. Argues that there is sufficient evidence to support the assertion that office comfort can affect productivity. | ||
| 651 | 4 |
_aUnited Kingdom _y |
|
| 690 | _aPROPERTY-COMMERCIAL PROPERTY-OFFICE PROPERTY-OFFICES | ||
| 942 | _n0 | ||
| 999 |
_c80046 _d80046 |
||